Uczestnicy II Wojny Światowej - Statystyki

Ogólne statystyki
  • Ten quiz został rozwiązany 239 razy
    187 od ostatniego zresetowania
  • Średni wynik to 37 z 69
Statystyki odpowiedzi
Data dołączenia Państwo % Poprawnych
1.09.1939 Polska
99%
1.09.1939 III Rzesza
97%
3.09.1939 Francja
93%
3.09.1939 Wielka Brytania
91%
7.12.1941 Stany Zjednoczone
90%
7.12.1941 Japonia
89%
22.06.1941 / 17.09.1939 ZSRR
89%
13.10.1943 Włochy
86%
10.06.1940 Włochy
86%
9.12.1941 Chiny
84%
10.09.1939 Kanada
84%
9.04.1940 Norwegia
82%
1.10.1944 Finlandia
78%
25.06.1941 Finlandia
78%
10.05.1940 Holandia
78%
9.04.1940 Dania
77%
10.05.1940 Belgia
76%
20.01.1945 Węgry
75%
30.08.1940 Węgry
75%
25.08.1944 Rumunia
74%
22.06.1941 Rumunia
74%
28.10.1940 Grecja
70%
6.04.1941 Jugosławia
70%
1.06.1941 Państwo Greckie
69%
3.09.1939 Australia
68%
22.08.1942 Brazylia
66%
22.05.1942 Meksyk
66%
23.02.1945 Turcja
65%
3.09.1939 Słowacja
63%
10.05.1940 Luksemburg
60%
9.09.1944 Bułgaria
59%
6.04.1941 Bułgaria
59%
3.09.1939 Nowa Zelandia
57%
9.09.1943 Iran
55%
6.09.1939 Związek Południowej Afryki
55%
17.01.1943 Irak
53%
26.10.1944 Albania
50%
9.08.1941 Mongolia
48%
10.04.1941 Niepodległe Państwo Chorwackie
47%
11.04.1945 Chile
45%
26.11.1943 Kolumbia
44%
12.02.1942 Peru
44%
1.04.1941 Serbia Nedicia
44%
9.12.1941 Kuba
43%
9.12.1941 Koreański Rząd Tymczasowy
40%
15.02.1945 Wenezuela
39%
14.12.1942 Etiopia
38%
7.12.1941 Panama
38%
15.02.1945 Urugwaj
37%
7.04.1943 Boliwia
36%
2.02.1945 Ekwador
36%
1.03.1945 Arabia Saudyjska
34%
8.12.1941 Honduras
33%
7.02.1945 Paragwaj
33%
8.12.1941 Dominikana
30%
8.12.1941 Kostaryka
30%
9.12.1941 Gwatemala
29%
8.12.1941 Haiti
26%
8.12.1941 Salwador
26%
17.04.1941 Czarnogóra
24%
8.12.1941 Nikaragua
24%
27.01.1944 Liberia
20%
4.09.1939 Nepal
18%
21.09.1944 San Marino
18%
25.06.1941 Tuwa
15%
22.06.1940 Francja Vichy
11%
27.02.1945 Liban
10%
7.12.1941 Mandżuko
6%
7.12.1941 Mengjiang
3%
Nie znaleziono quizów pasujących do podanych kryteriów
Rozkład punktacji
Procent ludzi z każdym wynikiem
Percentyl według liczby udzielonych odpowiedzi
Twoja historia wyników
Nie rozwiązałeś tego quizu od ostatniego zresetowania